<?xml version="1.0" encoding="UTF-8"?>
<record
    xmlns:xsi="http://www.w3.org/2001/XMLSchema-instance"
    xsi:schemaLocation="http://www.loc.gov/MARC21/slim http://www.loc.gov/standards/marcxml/schema/MARC21slim.xsd"
    xmlns="http://www.loc.gov/MARC21/slim">

  <leader>00993nam a22002177a 4500</leader>
  <controlfield tag="008">131205t    2011mex||||| |||| 00| 0 spa d</controlfield>
  <datafield tag="020" ind1=" " ind2=" ">
    <subfield code="a">97860715055835</subfield>
  </datafield>
  <datafield tag="050" ind1="0" ind2="1">
    <subfield code="a">HD62.4 </subfield>
    <subfield code="b">H52 2011</subfield>
  </datafield>
  <datafield tag="100" ind1="1" ind2=" ">
    <subfield code="a">HILL, CHARLES W.L. autor</subfield>
    <subfield code="9">27952</subfield>
  </datafield>
  <datafield tag="245" ind1="1" ind2="0">
    <subfield code="a">Negocios internacionales:competencia en un mercado global</subfield>
    <subfield code="c">Charles W.L.Hill ,Mar&#xED;a del Pilar Ob&#xF3;n Le&#xF3;n</subfield>
  </datafield>
  <datafield tag="250" ind1=" " ind2=" ">
    <subfield code="a">8a ed. </subfield>
  </datafield>
  <datafield tag="260" ind1=" " ind2=" ">
    <subfield code="a">M&#xE9;xico</subfield>
    <subfield code="b">Mc Graw Hill Inter americana,c2011</subfield>
  </datafield>
  <datafield tag="300" ind1=" " ind2=" ">
    <subfield code="a">703 paginas</subfield>
  </datafield>
  <datafield tag="500" ind1=" " ind2=" ">
    <subfield code="a">Sobre el autor, contenido breve,contenido,lista de mapas,glosario,indice de organizaciones,indice onomastico</subfield>
  </datafield>
  <datafield tag="519" ind1=" " ind2=" ">
    <subfield code="a">Educaci&#xF3;n Mixta / </subfield>
    <subfield code="b">Dise&#xF1;o gr&#xE1;fico / </subfield>
    <subfield code="c">Globalizaci&#xF3;n y Mercado (B21-3) / </subfield>
    <subfield code="d">(07 005759)</subfield>
  </datafield>
  <datafield tag="650" ind1="1" ind2="7">
    <subfield code="a">COMPETENCIA ECONOMICA INTERNACIONAL</subfield>
    <subfield code="9">4924</subfield>
  </datafield>
  <datafield tag="650" ind1="1" ind2="7">
    <subfield code="9">4923</subfield>
    <subfield code="a">EMPRESAS INTERNACIONALES - ADMINISTRACION</subfield>
  </datafield>
  <datafield tag="700" ind1="1" ind2=" ">
    <subfield code="9">4925</subfield>
    <subfield code="a">Obon Le&#xF3;n, Mar&#xED;a del Pilar</subfield>
    <subfield code="e">traductora</subfield>
  </datafield>
  <datafield tag="942" ind1=" " ind2=" ">
    <subfield code="c">LB</subfield>
    <subfield code="2">ddc</subfield>
  </datafield>
  <datafield tag="952" ind1=" " ind2=" ">
    <subfield code="0">0</subfield>
    <subfield code="1">0</subfield>
    <subfield code="2">lcc</subfield>
    <subfield code="4">0</subfield>
    <subfield code="7">0</subfield>
    <subfield code="a">07</subfield>
    <subfield code="b">07</subfield>
    <subfield code="d">2013-12-05</subfield>
    <subfield code="l">2</subfield>
    <subfield code="o">HD62.4 H52 2011</subfield>
    <subfield code="p">07 004319</subfield>
    <subfield code="r">2017-09-25</subfield>
    <subfield code="s">2017-09-25</subfield>
    <subfield code="t">1</subfield>
    <subfield code="w">2013-12-05</subfield>
    <subfield code="y">LB</subfield>
  </datafield>
  <datafield tag="952" ind1=" " ind2=" ">
    <subfield code="0">0</subfield>
    <subfield code="1">0</subfield>
    <subfield code="2">lcc</subfield>
    <subfield code="4">0</subfield>
    <subfield code="7">0</subfield>
    <subfield code="a">07</subfield>
    <subfield code="b">07</subfield>
    <subfield code="d">2013-12-05</subfield>
    <subfield code="l">2</subfield>
    <subfield code="o">HD62.4 H52 2011</subfield>
    <subfield code="p">07 004320</subfield>
    <subfield code="r">2015-02-04</subfield>
    <subfield code="s">2015-02-04</subfield>
    <subfield code="t">2</subfield>
    <subfield code="w">2013-12-05</subfield>
    <subfield code="y">LB</subfield>
  </datafield>
  <datafield tag="952" ind1=" " ind2=" ">
    <subfield code="0">0</subfield>
    <subfield code="1">0</subfield>
    <subfield code="2">lcc</subfield>
    <subfield code="4">0</subfield>
    <subfield code="7">0</subfield>
    <subfield code="a">07</subfield>
    <subfield code="b">07</subfield>
    <subfield code="d">2016-04-18</subfield>
    <subfield code="l">0</subfield>
    <subfield code="o">HD62.4 H52 2011</subfield>
    <subfield code="p">07 005759</subfield>
    <subfield code="r">2016-04-18</subfield>
    <subfield code="t">3</subfield>
    <subfield code="w">2016-04-18</subfield>
    <subfield code="y">LB</subfield>
  </datafield>
  <datafield tag="999" ind1=" " ind2=" ">
    <subfield code="c">91388</subfield>
    <subfield code="d">91388</subfield>
  </datafield>
</record>
